| 000 | 01030nam a2200301 a 4500 | ||
|---|---|---|---|
| 001 | 27270 | ||
| 003 | BD-RjUL | ||
| 005 | 20211209051132.0 | ||
| 008 | 140324s1973 enkfbj b 001 0 eng d | ||
| 020 | _a0297994905 | ||
| 035 | _a(BD-RjUL)27342 | ||
| 035 | _a(OCoLC)1164974 | ||
| 040 |
_aBD-RjUL _beng _cBD-RjUL _dBD-RjUL |
||
| 041 | 1 |
_aeng _hund |
|
| 082 |
_a956.101 _bINO 1975 |
||
| 100 | 1 |
_aİnalcık, Halil, _d1916- _983687 |
|
| 245 | 1 | 4 |
_aThe Ottoman Empire : _bthe classical age, 1300-1600 / _cHalil Inalcik ; translated by Norman Itzkowitz and Colin Imber. |
| 260 |
_aLondon : _bWeidenfeld & Nicolson, _cc1973 [Reprinted 1975] |
||
| 300 |
_axii, 258 p., 32 p. of plates : _billus., geneal. table, map ; _c25 cm. |
||
| 504 | _aBibliography: p. 233-248. | ||
| 504 | _aIncludes index. | ||
| 651 | 0 |
_aTurkey _xHistory _y1288-1453. _983619 |
|
| 651 | 0 |
_aTurkey _xHistory _y1453-1683. _983620 |
|
| 830 | 0 |
_aHistory of civilisation (London, England) _983698 |
|
| 942 |
_2ddc _cBK |
||
| 999 |
_c27270 _d27270 |
||